| 000 | 01523nkm a2200361 c 4500 | ||
|---|---|---|---|
| 003 | BLK | ||
| 005 | 20180421002030.0 | ||
| 008 | 180412b bul rap|r|||| r0| ||bulo| | ||
| 010 | _aKNG00163992000 | ||
| 040 | _aBLK | ||
| 041 |
_aRUS _cRUS _hFRE |
||
| 080 |
_aЖивопис - Портрети _b75.041.5 _x(470) _z75.041.5(470) |
||
| 700 | 1 |
_aФеодорова, Ирина Николаевна _eсостав. _9352388 |
|
| 700 | 1 |
_aЯмщиков, Савелий Васильевич _eсостав. _9145375 |
|
| 139 |
_aЯрославские портреты XVIII - XIX веков _bЯ 81 |
||
| 245 | 1 | 0 |
_aЯрославские портреты XVIII - XIX веков _cсостав. Ирина Николаевна Феодорова; состав. Савелий Васильевич Ямщиков. |
| 246 | 1 | 1 | _aLes portraits de Yaroslavl XVIIIe - XIXe siecles |
| 250 | _a2. изд. | ||
| 257 | _aSUN | ||
| 260 |
_аМосква _bИзобраз. искусство _c1986 |
||
| 300 |
_a26 с., 11 с., 134 л. _bил. _c31 см |
||
| 380 | _a7 | ||
| 500 | _aСписък на съкр. - Списък на репрод. - 30 000 тир. | ||
| 650 | 4 |
_aПортретна живопис _9305805 |
|
| 653 | _aпортрети | ||
| 653 | _aXVIII в. | ||
| 653 | _aXIX в. | ||
| 852 | _aЦб Гр А ІІ 3649 | ||
| 856 | 4 |
_qpdf _u |
|
| 856 | 4 |
_qpdf _u |
|
| 942 |
_cGRA _n0 |
||
| 944 |
_aCR _c08.08.2014 _l08.08.2014 - от С1,Р / 08.08.2014 _kКамелия_Данева |
||
| 944 |
_aED _c08.08.2014 _l08.08.2014 - от С1,Р / 08.08.2014 _k |
||
| 999 |
_c210349 _d210349 |
||